[Event "Mitropa Cup (Women)"]
[Site "Apolda"]
[Date "2024.02.21"]
[Round "7.3"]
[White "Vidic, Teja"]
[Black "Navrotescu, Andreea Cristiana"]
[Result "0-1"]
[WhiteElo "2132"]
[BlackElo "2222"]
[PlyCount "68"]
[EventDate "2024.02.15"]
[EventType "team-tourn"]
[EventRounds "9"]
[EventCountry "GER"]
[SourceTitle "CB09_2024"]
[SourceDate "2024.02.28"]
[SourceVersion "1"]
[SourceVersionDate "2024.02.28"]
[SourceQuality "1"]
[WhiteTeam "Slovenia (W)"]
[BlackTeam "France (W)"]
[WhiteTeamCountry "SLO"]
[BlackTeamCountry "FRA"]

1. e4 c5 2. Nf3 b6 3. d4 cxd4 4. Nxd4 Bb7 5. Bd3 g6 6. 0-0 Bg7 7. Be3 Nf6 8. f3 0-0 9. c4 d6 10. Nc3 Nbd7 11. b3 Rc8 12. Rc1 a6 13. Qe1 Ne5 14. Be2 e6 15. h3 Ned7 16. Qf2 Re8 17. Rfe1 d5 18. cxd5 exd5 19. exd5 Rxc3 20. Rxc3 Nxd5 21. Bd2 Qf6 22. Rd3 Nc5 23. Nc2 Qb2 24. Bf1 Rxe1 25. Qxe1 Qxc2 26. Qe8+ Bf8 27. Bh6 Ne6 28. Bxf8 Nxf8 29. Qe5 Qc5+ 30. Kh2 Qf2 31. Be2 Ne6 32. Qb8+ Kg7 33. Qe5+ Kh6 34. Rd1 Ne3 0-1

[Event "EU-ch Rapid (Women)"]
[Site "Monaco"]
[Date "2024.01.13"]
[Round "5"]
[White "Navrotescu, Andreea Cristiana"]
[Black "Salimova, Nurgyul"]
[Result "1/2-1/2"]
[WhiteElo "2222"]
[BlackElo "2426"]
[PlyCount "74"]
[EventDate "2024.01.13"]
[EventType "swiss (rapid)"]
[EventRounds "11"]
[EventCountry "MNC"]
[SourceTitle "CB03_2024"]
[SourceDate "2024.01.17"]
[SourceVersion "1"]
[SourceVersionDate "2024.01.17"]
[SourceQuality "1"]

1. d4 Nf6 2. c4 e6 3. Nc3 d5 4. cxd5 exd5 5. Bg5 Be7 6. e3 Bg4 7. Qb3 Nbd7 8. Bd3 0-0 9. Nge2 c5 10. Qc2 c4 11. Bf5 Bxf5 12. Qxf5 b5 13. Nxb5 Rb8 14. Nbc3 Rxb2 15. 0-0 h6 16. Bxf6 Nxf6 17. Rab1 g6 18. Qf3 Rc2 19. Rfc1 Rxc1+ 20. Nxc1 Qa5 21. N1e2 Kg7 22. Rb5 Qa3 23. h3 Bb4 24. Nxd5 Nxd5 25. Qxd5 Qxa2 26. Nf4 Be7 27. Rb7 Qa1+ 28. Kh2 Qa3 29. Qe5+ Bf6 30. Ne6+ Kg8 31. Qxf6 Qd6+ 32. g3 Qxe6 33. Qxe6 fxe6 34. Kg2 Rf7 35. Rb8+ Rf8 36. Rb7 Rf7 37. Rb8+ Rf8 1/2-1/2

[Event "EU-ch Blitz (Women)"]
[Site "Monaco"]
[Date "2024.01.12"]
[Round "3"]
[White "Uta, Adeline Ramona"]
[Black "Navrotescu, Andreea Cristiana"]
[Result "0-1"]
[WhiteElo "2036"]
[BlackElo "2222"]
[PlyCount "88"]
[EventDate "2024.01.12"]
[EventType "swiss (blitz)"]
[EventRounds "13"]
[EventCountry "MNC"]
[SourceTitle "CB03_2024"]
[SourceDate "2024.01.17"]
[SourceVersion "1"]
[SourceVersionDate "2024.01.17"]
[SourceQuality "1"]

1. e4 e5 2. Nf3 Nc6 3. Bc4 Bc5 4. 0-0 Nf6 5. d3 0-0 6. Bg5 h6 7. Bh4 Be7 8. Nbd2 d6 9. c3 Na5 10. Bb5 a6 11. Ba4 b5 12. Bc2 c5 13. Re1 Nc6 14. Nf1 Be6 15. d4 cxd4 16. cxd4 Bg4 17. d5 Nd4 18. N1d2 Nxd5 19. exd5 Bxh4 20. h3 Nxf3+ 21. Nxf3 Bd7 22. Nxh4 Qxh4 23. Qd3 f5 24. a4 Rac8 25. axb5 Bxb5 26. Qd2 Qf6 27. Bd3 e4 28. Bxb5 axb5 29. Ra7 Rc4 30. b3 Rd4 31. Qe3 Rxd5 32. Rea1 Rd3 33. Qb6 Rxb3 34. Rd1 Rd3 35. Rxd3 exd3 36. Qxb5 Qd4 37. Qb3+ Kh8 38. Ra4 Qe5 39. Qxd3 Qe1+ 40. Kh2 Qxf2 41. Rd4 f4 42. Rxd6 f3 43. Qd2 Qxd2 44. Rxd2 f2 0-1

[Event "London Mindsports op"]
[Site "London"]
[Date "2023.09.16"]
[Round "7"]
[White "Navrotescu, Andreea Cristiana"]
[Black "Buckley, Graeme N"]
[Result "0-1"]
[WhiteElo "2228"]
[BlackElo "2349"]
[PlyCount "80"]
[EventDate "2023.09.13"]
[EventType "swiss"]
[EventRounds "9"]
[EventCountry "ENG"]
[SourceTitle "EXT 2024"]
[Source "ChessBase"]
[SourceDate "2023.10.10"]
[SourceVersion "1"]
[SourceVersionDate "2023.10.10"]
[SourceQuality "1"]

1. c4 e5 2. Nc3 Nf6 3. Nf3 Nc6 4. e3 Bb4 5. Qc2 Bxc3 6. bxc3 0-0 7. e4 d6 8. Be2 a6 9. 0-0 Bd7 10. Re1 Qe7 11. Bf1 Nh5 12. g3 f5 13. exf5 Bxf5 14. d3 Qf7 15. Nh4 Be6 16. Bg2 Qf6 17. Be4 g5 18. Ng2 Ne7 19. Bxb7 Rad8 20. Be4 Rf7 21. Qe2 Rdf8 22. Rf1 Ng7 23. Be3 Ng6 24. d4 Nf4 25. gxf4 exf4 26. d5 Bh3 27. Bd4 f3 28. Qd3 Qh6 29. Ne1 Qh4 30. Bxg7 Qg4+ 31. Kh1 Bg2+ 32. Kg1 Rxg7 33. Rb1 Bh3+ 34. Kh1 Bg2+ 35. Kg1 Re7 36. Rb7 Bh3+ 37. Kh1 Bg2+ 38. Kg1 Rxe4 39. Rxc7 Bh3+ 40. Kh1 Bxf1 0-1

[Event "London Mindsports op"]
[Site "London"]
[Date "2023.09.13"]
[Round "1"]
[White "Navrotescu, Andreea Cristiana"]
[Black "Wadsworth, Matthew J"]
[Result "0-1"]
[WhiteElo "2228"]
[BlackElo "2432"]
[PlyCount "74"]
[EventDate "2023.09.13"]
[EventType "swiss"]
[EventRounds "9"]
[EventCountry "ENG"]
[SourceTitle "EXT 2024"]
[Source "ChessBase"]
[SourceDate "2023.10.10"]
[SourceVersion "1"]
[SourceVersionDate "2023.10.10"]
[SourceQuality "1"]

1. c4 e5 2. Nc3 Nf6 3. Nf3 e4 4. Ng5 c6 5. Qa4 Qe7 6. Qc2 b5 7. cxb5 d5 8. e3 c5 9. d4 h6 10. Nh3 Bxh3 11. gxh3 Nbd7 12. Bd2 Qe6 13. 0-0-0 Bd6 14. Kb1 cxd4 15. exd4 0-0 16. Be2 Rfc8 17. Bg4 Nxg4 18. hxg4 Nb6 19. Rdg1 Nc4 20. h4 a6 21. b6 Rab8 22. Ka1 Rxb6 23. Bc1 Bb4 24. Na4 Na3 25. Qd1 Nc2+ 26. Kb1 e3 27. Qd3 exf2 28. Rf1 Ne1 29. Qf5 Rbc6 30. Nc5 Bxc5 31. Qxe6 fxe6 32. dxc5 Rxc5 33. Bd2 Rc2 34. Bc3 d4 35. Rxe1 fxe1Q+ 36. Rxe1 d3 37. Rxe6 Rg2 0-1

[Event "Paris Barreau 4th"]
[Site "Paris"]
[Date "2023.09.05"]
[Round "4"]
[White "Navrotescu, Andreea Cristiana"]
[Black "Bonte, Andrei Mihai"]
[Result "1-0"]
[WhiteElo "2228"]
[BlackElo "2340"]
[PlyCount "111"]
[EventDate "2023.09.03"]
[EventType "tourn"]
[EventRounds "9"]
[EventCountry "FRA"]
[EventCategory "4"]
[SourceTitle "EXT 2024"]
[Source "ChessBase"]
[SourceDate "2023.10.10"]
[SourceVersion "1"]
[SourceVersionDate "2023.10.10"]
[SourceQuality "1"]

1. d4 Nf6 2. c4 e6 3. Nc3 Bb4 4. e3 0-0 5. Bd2 d5 6. Nf3 Nbd7 7. Qb3 Bxc3 8. Bxc3 b6 9. cxd5 Nxd5 10. Bd2 c5 11. Bb5 a6 12. Bxd7 Bxd7 13. dxc5 bxc5 14. 0-0 Qf6 15. Qc2 Rfc8 16. e4 Nb4 17. Qc3 Bb5 18. Qxf6 gxf6 19. Rfc1 Bd3 20. e5 Nc2 21. exf6 Nxa1 22. Rxa1 Rab8 23. Bc3 Be4 24. Ne5 Rd8 25. f3 Ba8 26. a4 Rd5 27. a5 Rb3 28. Re1 h5 29. Kf2 Rd8 30. Kg3 Bd5 31. Kh4 Rb7 32. Kxh5 Kh7 33. g4 Bb3 34. Re2 Ba2 35. Re1 Bb3 36. g5 Bc2 37. Kg4 Bf5+ 38. Kg3 Bg6 39. Kg4 Bf5+ 40. Kf4 Bg6 41. Rg1 Rd5 42. Rg4 Bf5 43. Rh4+ Kg8 44. Rh6 Rxe5 45. Kxe5 Rd7 46. h4 Rd5+ 47. Kf4 Bc2 48. Be5 Rd1 49. h5 Rh1 50. g6 Bxg6 51. Rxg6+ fxg6 52. hxg6 Rd1 53. f7+ Kf8 54. Kg5 Ke7 55. Bg7 Rg1+ 56. Kf4 1-0

[Event "Timisoara Foisor Memorial Rapid"]
[Site "Timisoara"]
[Date "2023.08.06"]
[Round "10"]
[White "Lupulescu, Constantin"]
[Black "Navrotescu, Andreea Cristiana"]
[Result "1-0"]
[WhiteElo "2584"]
[BlackElo "2265"]
[PlyCount "87"]
[EventDate "2023.08.05"]
[EventType "swiss (rapid)"]
[EventRounds "10"]
[EventCountry "ROU"]
[SourceTitle "CBM 215 Extra"]
[Source "ChessBase"]
[SourceDate "2023.09.30"]
[SourceVersion "1"]
[SourceVersionDate "2023.09.30"]
[SourceQuality "1"]

1. d4 Nf6 2. c4 e6 3. Nc3 d5 4. cxd5 exd5 5. Bg5 Be7 6. e3 0-0 7. Bd3 Re8 8. Nge2 c6 9. 0-0 h6 10. Bh4 Nbd7 11. f3 Nf8 12. Kh1 Ng6 13. Bf2 Bd6 14. Qc2 Nf8 15. h3 c5 16. dxc5 Bxc5 17. Nb5 Bb6 18. Nbd4 Ne6 19. Rac1 Bd7 20. Qd2 Nxd4 21. Nxd4 Nh5 22. Bb1 Qg5 23. g4 Rac8 24. f4 Qf6 25. Rxc8 Bxc8 26. gxh5 Bxh3 27. Rg1 Bxd4 28. Qxd4 Qxd4 29. exd4 Re2 30. Re1 Bg4 31. Rxe2 Bxe2 32. Be1 Bxh5 33. Bf5 Bf3+ 34. Kh2 g6 35. Bc8 b6 36. Bb4 Kg7 37. Bd6 g5 38. Bb8 a5 39. Bc7 a4 40. Bxb6 f6 41. Bd7 Bd1 42. Bc6 g4 43. Bxd5 h5 44. Kg3 1-0

[Event "Brasov GP RO"]
[Site "Brasov"]
[Date "2023.07.22"]
[Round "9"]
[White "Navrotescu, Andreea Cristiana"]
[Black "Ilamparthi, AR."]
[Result "1/2-1/2"]
[WhiteElo "2214"]
[BlackElo "2393"]
[PlyCount "76"]
[EventDate "2023.07.16"]
[EventType "swiss"]
[EventRounds "9"]
[EventCountry "ROU"]
[SourceTitle "CBM 215 Extra"]
[Source "ChessBase"]
[SourceDate "2023.09.30"]
[SourceVersion "1"]
[SourceVersionDate "2023.09.30"]
[SourceQuality "1"]

1. d4 Nf6 2. c4 g6 3. g3 Bg7 4. Bg2 0-0 5. Nf3 d6 6. 0-0 c5 7. Nc3 Nc6 8. d5 Na5 9. Nd2 e6 10. Rb1 exd5 11. cxd5 Bd7 12. b3 b5 13. b4 cxb4 14. Rxb4 a6 15. a4 Qb6 16. Nde4 Nxe4 17. Nxe4 Nc4 18. axb5 axb5 19. Bh6 Rfc8 20. Bxg7 Kxg7 21. Qc1 f5 22. Ng5 Qc5 23. Qc3+ Ne5 24. Qb2 Qc3 25. Ne6+ Kf6 26. Nf8 Be8 27. Nxh7+ Kg7 28. Qxc3 Rxc3 29. Ng5 Rc2 30. Ne6+ Kf6 31. Nd4 Rc4 32. Rxc4 Nxc4 33. h3 Ra2 34. Rb1 Nd2 35. Rb4 Ra4 36. Nc2 Ra2 37. Nd4 Ra4 38. Nc2 Ra2 1/2-1/2

[Event "Purtichju op"]
[Site "Purtichju"]
[Date "2023.07.05"]
[Round "7"]
[White "Navrotescu, Andreea Cristiana"]
[Black "Hunt, Harriet"]
[Result "1-0"]
[WhiteElo "2214"]
[BlackElo "2338"]
[PlyCount "103"]
[EventDate "2023.07.01"]
[EventType "swiss"]
[EventRounds "9"]
[EventCountry "FRA"]
[SourceTitle "CBM 215 Extra"]
[Source "ChessBase"]
[SourceDate "2023.09.30"]
[SourceVersion "1"]
[SourceVersionDate "2023.09.30"]
[SourceQuality "1"]

1. d4 Nf6 2. c4 e6 3. Nc3 Bb4 4. f3 c5 5. d5 d6 6. e4 b5 7. Nge2 0-0 8. Nf4 e5 9. Nfe2 bxc4 10. Ng3 Nbd7 11. Bxc4 Nb6 12. Be2 c4 13. 0-0 Re8 14. Kh1 Nfd7 15. f4 exf4 16. Rxf4 Ne5 17. Qf1 Bc5 18. Nd1 Rb8 19. Ne3 Bd7 20. Nef5 Bxf5 21. Nxf5 Rb7 22. Qe1 Ng6 23. Qg3 Nxd5 24. Rg4 Nf6 25. Bg5 Nxg4 26. Qxg4 Qb6 27. Bxc4 Ne5 28. Qg3 Qxb2 29. Bc1 Ng4 30. Bxb2 Nf2+ 31. Qxf2 Bxf2 32. Nxd6 Rxb2 33. Nxe8 Bc5 34. Nc7 Rc2 35. Bb3 Rf2 36. Rd1 h5 37. e5 Kh7 38. e6 fxe6 39. Nxe6 Be3 40. h4 Bd2 41. Ng5+ Bxg5 42. hxg5 a5 43. Rd6 a4 44. Bd1 Rf4 45. Bc2+ Kg8 46. g6 Kf8 47. Rd7 Rb4 48. Bf5 a3 49. Be6 Rb8 50. Rd3 Ra8 51. Bd5 Ra5 52. Bf7 1-0

[Event "FRA-chT Top 16 GpB"]
[Site "Chartres"]
[Date "2023.06.02"]
[Round "2.3"]
[White "Navrotescu, Andreea Cristiana"]
[Black "Monpeurt, Cyrielle"]
[Result "1-0"]
[WhiteElo "2252"]
[BlackElo "2131"]
[PlyCount "97"]
[EventDate "2023.06.01"]
[EventType "team-tourn"]
[EventRounds "7"]
[EventCountry "FRA"]
[SourceTitle "CBM 214 Extra"]
[Source "ChessBase"]
[SourceDate "2023.07.31"]
[SourceVersion "1"]
[SourceVersionDate "2023.07.31"]
[SourceQuality "1"]
[WhiteTeam "Mulhouse Philidor"]
[BlackTeam "St Quentin"]
[WhiteTeamCountry "FRA"]
[BlackTeamCountry "FRA"]

1. c4 Nf6 2. Nc3 g6 3. e4 d6 4. d4 Bg7 5. Be2 0-0 6. Nf3 Nbd7 7. Be3 e5 8. 0-0 Qe7 9. Qc2 c6 10. Rfe1 exd4 11. Nxd4 Nc5 12. Bf3 Re8 13. b4 Ncd7 14. h3 Ne5 15. Be2 Ned7 16. Bf1 Nh5 17. Rad1 Be5 18. g3 Nf8 19. Nf3 Bg7 20. Bg5 f6 21. Bc1 Ne6 22. Qd2 Rd8 23. g4 Nhf4 24. Nd5 cxd5 25. exd5 g5 26. dxe6 Bxe6 27. Nd4 Qf7 28. Nxe6 Nxe6 29. Bg2 Nf4 30. Qxf4 gxf4 31. Bd5 Rac8 32. Re7 Qxd5 33. cxd5 Rc2 34. Bxf4 Rc4 35. Be3 Rxb4 36. Rc1 Bf8 37. Re6 Rb5 38. Rc7 Rxd5 39. Rxf6 Rd1+ 40. Kg2 d5 41. Rff7 h6 42. Bf4 Re1 43. Rxb7 a6 44. Kf3 d4 45. Rf6 d3 46. Rg6+ Kh8 47. Bd2 Re7 48. Rxe7 Bxe7 49. Bc3+ 1-0

[Event "FRA-chT Top 12 (Women) GpB"]
[Site "Mulhouse"]
[Date "2023.05.21"]
[Round "5.2"]
[White "Matnadze, Ana"]
[Black "Navrotescu, Andreea Cristiana"]
[Result "1-0"]
[WhiteElo "2393"]
[BlackElo "2252"]
[PlyCount "97"]
[EventDate "2023.05.18"]
[EventType "team-tourn"]
[EventRounds "5"]
[EventCountry "FRA"]
[SourceTitle "CBM 214 Extra"]
[Source "ChessBase"]
[SourceDate "2023.07.31"]
[SourceVersion "1"]
[SourceVersionDate "2023.07.31"]
[SourceQuality "1"]
[WhiteTeam "Grasse (W)"]
[BlackTeam "Mulhouse Philidor (W)"]
[WhiteTeamCountry "FRA"]
[BlackTeamCountry "NED"]

1. d4 Nf6 2. Nf3 e6 3. c4 d5 4. g3 dxc4 5. Qa4+ Nc6 6. Qxc4 Qd5 7. Qxd5 exd5 8. Bg2 Nb4 9. Na3 c6 10. 0-0 h6 11. Bf4 Bf5 12. Nd2 Be7 13. Nb3 0-0 14. Rfc1 Rac8 15. f3 Rfe8 16. Kf2 Bf8 17. g4 Bh7 18. h4 Be7 19. Bh3 g5 20. Bd2 b6 21. Rh1 Nd7 22. Bg2 a5 23. hxg5 hxg5 24. Bc3 Nf8 25. Bf1 Ne6 26. e3 Bf6 27. Be2 Kg7 28. Nd2 c5 29. dxc5 d4 30. exd4 Bxd4+ 31. Kg3 Rxc5 32. Rxh7+ Kxh7 33. Ne4 Rcc8 34. Bc4 Red8 35. Bxe6 fxe6 36. Nxg5+ Kg8 37. Nb5 Bxc3 38. bxc3 Rd5 39. Nxe6 Nxa2 40. Na7 Rxc3 41. Rxa2 Rdd3 42. Nb5 Rxf3+ 43. Kh4 Rcd3 44. Nbd4 Rf7 45. Rc2 Ra7 46. Kg5 Kf7 47. Rf2+ Ke8 48. Rf8+ Kd7 49. Rf7+ 1-0

[Event "FRA-chT Top 12 (Women) GpB"]
[Site "Mulhouse"]
[Date "2023.05.20"]
[Round "3.3"]
[White "Afraoui, Anaelle"]
[Black "Navrotescu, Andreea Cristiana"]
[Result "1-0"]
[WhiteElo "2118"]
[BlackElo "2252"]
[PlyCount "67"]
[EventDate "2023.05.18"]
[EventType "team-tourn"]
[EventRounds "5"]
[EventCountry "FRA"]
[SourceTitle "CBM 214 Extra"]
[Source "ChessBase"]
[SourceDate "2023.07.31"]
[SourceVersion "1"]
[SourceVersionDate "2023.07.31"]
[SourceQuality "1"]
[WhiteTeam "Tour de Juvisy (W)"]
[BlackTeam "Mulhouse Philidor (W)"]
[WhiteTeamCountry "FRA"]
[BlackTeamCountry "NED"]

1. Nf3 d5 2. g3 g6 3. Bg2 Bg7 4. 0-0 e5 5. d3 Ne7 6. e4 Nbc6 7. exd5 Nxd5 8. Re1 0-0 9. Nc3 Nde7 10. Rb1 Nf5 11. b4 Nfd4 12. Nxd4 Nxd4 13. Ne4 c6 14. Nc5 Qc7 15. f4 a5 16. c3 Nb5 17. Ne4 axb4 18. Rxb4 Rxa2 19. fxe5 Bxe5 20. d4 Bg7 21. Bf4 Qa5 22. Qd3 Rd8 23. Bg5 Rf8 24. Be7 Bf5 25. Bxf8 Bxf8 26. Nf6+ Kh8 27. Qe3 Nxc3 28. Rxb7 Ra1 29. Rf1 Kg7 30. Ne8+ Kg8 31. Rb8 Rxf1+ 32. Bxf1 Nd5 33. Qe5 Qa7 34. Qg7+ 1-0

[Event "New York Spring IM-B"]
[Site "New York"]
[Date "2023.04.07"]
[Round "5.3"]
[White "Navrotescu, Andreea Cristiana"]
[Black "Colas, Joshua"]
[Result "0-1"]
[WhiteElo "2253"]
[BlackElo "2342"]
[PlyCount "62"]
[EventDate "2023.04.05"]
[EventType "team-tourn"]
[EventRounds "9"]
[EventCountry "USA"]
[SourceTitle "CBM 213 Extra"]
[Source "ChessBase"]
[SourceDate "2023.05.31"]
[SourceVersion "1"]
[SourceVersionDate "2023.05.31"]
[SourceQuality "1"]
[WhiteTeam "Team 4"]
[BlackTeam "Team 2"]
[WhiteTeamCountry "USA"]
[BlackTeamCountry "USA"]

1. d4 d5 2. c4 e6 3. Nc3 Nf6 4. cxd5 exd5 5. Bg5 c6 6. e3 Be7 7. Bd3 h6 8. Bh4 0-0 9. f3 Ne8 10. Bf2 Nd6 11. e4 Bh4 12. g3 dxe4 13. fxe4 Be7 14. Qc2 Na6 15. a3 b5 16. Nf3 Bh3 17. Rg1 Be6 18. g4 Qa5 19. Ke2 Rac8 20. b4 Qd8 21. e5 Nc4 22. Ne4 f6 23. exf6 Bxf6 24. g5 hxg5 25. Nfxg5 Bxg5 26. Rxg5 Rxf2+ 27. Kxf2 Qxd4+ 28. Kg3 Qxa1 29. Bxc4 Bxc4 30. Qf2 Rf8 31. Qxa7 Qe1+ 0-1

[Event "New York Spring IM-B"]
[Site "New York"]
[Date "2023.04.07"]
[Round "4.2"]
[White "Paragua, Mark"]
[Black "Navrotescu, Andreea Cristiana"]
[Result "1-0"]
[WhiteElo "2442"]
[BlackElo "2253"]
[PlyCount "61"]
[EventDate "2023.04.05"]
[EventType "team-tourn"]
[EventRounds "9"]
[EventCountry "USA"]
[SourceTitle "CBM 213 Extra"]
[Source "ChessBase"]
[SourceDate "2023.05.31"]
[SourceVersion "1"]
[SourceVersionDate "2023.05.31"]
[SourceQuality "1"]
[WhiteTeam "Team 1"]
[BlackTeam "Team 4"]
[WhiteTeamCountry "USA"]
[BlackTeamCountry "USA"]

1. e4 e6 2. d4 d5 3. Nd2 Be7 4. Ngf3 Nf6 5. e5 Nfd7 6. Bd3 c5 7. c3 Nc6 8. 0-0 g5 9. Nb1 g4 10. Ne1 h5 11. Be3 Qb6 12. b3 Qc7 13. Nd2 b6 14. f3 Bb7 15. fxg4 hxg4 16. Qxg4 cxd4 17. cxd4 Ndxe5 18. Qg3 Bd6 19. dxe5 Bxe5 20. Bf4 Bd4+ 21. Kh1 e5 22. Bg5 Bxa1 23. Bf6 Rf8 24. Nef3 Qd6 25. Bg7 Bb2 26. Bxf8 Qxf8 27. Ng5 Qb4 28. Nxf7 Qxd2 29. Qg6 a6 30. Nxe5+ Kd8 31. Qd6+ 1-0